Contabilidad ambiental (Registro nro. 9812)

Detalles MARC
000 -LEADER
fixed length control field 00358 a2200121 4500
001 - CONTROL NUMBER
control field ART_25852
005 - DATE AND TIME OF LATEST TRANSACTION
control field 20260410161602.0
008 - FIXED-LENGTH DATA ELEMENTS--GENERAL INFORMATION
fixed length control field 260409a
100 1# - MAIN ENTRY--PERSONAL NAME
Personal name Fronti de García, Luisa
245 10 - TITLE STATEMENT
Title Contabilidad ambiental
700 1# - ADDED ENTRY--PERSONAL NAME
Personal name Fernández Cuesta, Carmen
773 0# - HOST ITEM ENTRY
Title Profesional & Empresaria
Related parts - Año VI, Nº 67 (abr. 2005)
Record control number REV70

No hay ítems disponibles.